000 00385nam a22001457a 4500
005 20250605175858.0
008 250605b |||||||| |||| 00| 0 eng d
020 _a9781564761217
050 _aBT 304
_bGAR
100 _aGARIEPY, HENRY
245 _a100 POTRAITS OF CHRIST
_cHENRY GARIEPY
260 _aILLINOIS
_bVICTOR BOOKS PUBLISHING
_cc1987
300 _a238p.;
942 _2lcc
_cBK
_n0
999 _c6327
_d6327